Budapest turisztikai helyzetének bemutatása napjainkig

Bibliographic Details
Main Author: Ádám Fanni
Other Authors: Szeidl Dr. Klaudia
Format: Thesis
Kulcsszavak:beutazó turizmus
koronavírus-járvány (COVID-19)
mesterséges intelligencia
turizmus
turizmusmarketing
Online Access:http://dolgozattar.uni-bge.hu/60075

MARC

LEADER 00000nta a2200000 i 4500
001 dolg60075
005 20260409145943.0
008 260409suuuu hu om 000 hun d
040 |a BGE Dolgozattár Repozitórium  |b hun 
041 |a hu 
100 1 |a Ádám Fanni 
245 1 0 |a Budapest turisztikai helyzetének bemutatása napjainkig  |c Ádám Fanni  |h [elektronikus dokumentum] 
520 3 |a Magyarország fővárosa igen közkedvelt nem csak a külföldi turisták, hanem a magyar emberek számára is. Budapesti lakosként nap, mint nap szembesülök az ide látogató érdeklődők sokaságával, melynek hátterét és okait szeretem volna megvizsgálni. Azt gondolom, hogy témaválasztásom időszerű, hiszen a turizmus hazánkban is meghatározó szerepet játszik, igen közkedvelt Közép-európai desztináció vagyunk.Megvizsgáltam a kereslet mellett a kínálat elemeit is, hogy miben tud újat nyújtani az embereknek Budapest és hogyan lehet unikális a világpiacon. Az összeállított online kérdőív által célom volt, hogy feltérképezzem a hazai lakosság igényeit, és utána járjak annak, hogy 1-1 témakörben hogyan látják és mit gondolnak a budapesti turizmusról. Továbbá az európai versenytársakról alkotott véleményeket is összevetettem a kérdőív segítségével. Kifejtettem, hogy milyen változások jelentek meg a turizmus iparágban, illetve kitértem arra is, hogy milyen lehetőségei lehetnek a városnak melyekből profitálhat majd rövid és hosszú távon is. 
695 |a beutazó turizmus 
695 |a koronavírus-járvány (COVID-19) 
695 |a mesterséges intelligencia 
695 |a turizmus 
695 |a turizmusmarketing 
700 1 |a Szeidl Dr. Klaudia  |e ths 
856 4 0 |u http://dolgozattar.uni-bge.hu/60075/1/Budapest%20turisztikai%20helyzet%C3%A9nek%20bemutat%C3%A1sa%20napjainkig.pdf  |z Dokumentum-elérés 
856 4 0 |u http://dolgozattar.uni-bge.hu/60075/2/adam_fanni_opponens_nagy_gabriella.pdf  |z Dokumentum-elérés 
856 4 0 |u http://dolgozattar.uni-bge.hu/60075/3/adam_fanni_konzulens_szeidl.pdf  |z Dokumentum-elérés